000 01060cam a22002771 4500
001 3111
003 BD-RjUL
005 20211208233658.0
008 131218t19611958nyuab b 001 0 eng
035 _a(BD-RjUL)3145
040 _aDLC
_cDLC
_dBD-RjUL
_beng
041 _aeng
082 0 0 _a338.476657
_bHOF 1961
100 1 _aHooley, Richard W.
_d1925-
_99853
245 1 0 _aFinancing the natural gas industry :
_bthe role of life insurance investment policies /
_cRichard W. Hooley
260 _aNew York :
_bColumbia University Press,
_cc1958.
300 _ax, 218 p. :
_bill.,map, diagrs., tables ;
_c23 cm.
500 _a"Much of the basic material was originally presented as a doctoral dissertation at Columbia University in 1958."
504 _aIncludes bibliography and index.
650 0 _aNatural gas
_zUnited States.
_99855
650 0 _aInsurance companies
_zUnited States
_xInvestments.
_99856
942 _2ddc
_cBK
999 _c3111
_d3111